200 suosituinta naisten nimeä alkukirjaimella E - Statistics

Yleistilastot
  • Tätä visaa on pelattu 700 kertaa
  • Keskiarvotulos 93 / 200
Vastaustilastot
-- % Oikein
Eli
97%
Elli
95%
Ellie
95%
Elly
95%
Ema
95%
Emma
95%
Emmi
95%
Emmie
95%
Emmy
95%
Ella
94%
Eelin
93%
Eeva
93%
Elin
93%
Emi
93%
Enni
93%
Eva
93%
Ewa
93%
Essi
92%
Eevi
90%
Emelie
90%
Emili
90%
Emilie
90%
Emily
90%
Evi
90%
Evie
90%
Evy
90%
Eliina
89%
Elina
89%
Emil
89%
Elen
87%
Eliisa
87%
Elisa
87%
Elissa
87%
Eliza
87%
Ellen
87%
Eija
86%
Emelia
86%
Emilia
86%
Emilija
86%
Emilja
86%
Enna
86%
Eve
85%
Elle
84%
Eerica
82%
Eerika
82%
Eila
82%
Erica
82%
Eriika
82%
Eriikka
82%
Erika
82%
Eveliina
82%
Evelina
82%
Eini
79%
Erja
79%
Elvi
78%
Elsa
77%
Elza
77%
Elma
76%
Ester
75%
Esteri
75%
Esther
75%
Eira
73%
Eerin
71%
Elsi
71%
Elsie
71%
Erin
71%
Eeri
69%
Elviira
66%
Elvira
66%
Eine
63%
Eleanora
63%
Eleonoora
63%
Eleonora
63%
Ellinoora
62%
Ellinora
62%
Elice
59%
Eliise
59%
Elisabet
59%
Elisabeth
59%
Elisaveta
59%
Elise
59%
Elizabeth
59%
Elizaveta
59%
Elena
58%
Elmi
58%
Ebba
56%
Edit
53%
Edith
53%
Eedit
53%
Eedith
53%
Evelin
53%
Eveline
53%
Evelyn
53%
Else
52%
Erna
52%
Elo
51%
Elna
50%
Eiri
48%
Evita
48%
Eevaliisa
47%
Esme
46%
Elea
45%
Eela
44%
Ela
44%
Enia
42%
Enja
42%
Enya
42%
Etta
42%
Eden
40%
Eeden
40%
Eili
40%
Eevamaija
36%
Enne
35%
Esmeralda
35%
Ea
33%
Eea
33%
Eevamaria
31%
Edna
30%
Edla
29%
Eedla
29%
Eetla
29%
Eevaleena
28%
Ekaterina
28%
Elia
28%
Ellamari
28%
Etel
27%
Ethel
27%
Emmiina
26%
Eivor
24%
Eyvor
24%
Eimi
23%
Ellamaria
23%
Elmiina
21%
Eda
20%
Eeda
20%
Edina
19%
Eevakaisa
19%
Eevastiina
19%
Eline
18%
Eloise
17%
Erina
17%
Estel
17%
Estelle
17%
Eedi
16%
Elliina
16%
Eugenia
16%
Evgenia
16%
Evgeniia
16%
Evgeniya
16%
Eena
15%
Effi
15%
Ellimaija
15%
Emina
15%
Edda
14%
Emmaliina
13%
Ensi
12%
Esma
12%
Ene
11%
Evia
11%
Evin
11%
Edea
10%
Esra
10%
Eleanor
9%
Estella
9%
Etti
9%
Ellanoora
8%
Ellinor
8%
Edel
7%
Eleni
7%
Eliana
7%
Evelia
7%
Elda
6%
Elida
6%
Ellida
6%
Elliida
6%
Elona
6%
Eja
5%
Emeliina
5%
Emelina
5%
Emine
5%
Eunice
5%
Elias
4%
Elinor
4%
Edita
3%
Elmiira
3%
Elmira
3%
Elvina
3%
Estrid
3%
Eman
2%
Evena
2%
Edona
1%
Elvia
1%
Emilla
1%
Emmelie
1%
Engla
1%
Egzona
0%
Elham
0%
Elif
0%
Erza
0%
Evella
0%
Ehtoja vastaavia visoja ei löytynyt
Tulosjakauma
Jokaisen tuloksen saaneiden osuus
Persentiili vastausten määrän mukaan
Tuloshistoriasi
Et ole pelannut tätä visaa